Datum a čas kvízu
12.5
Celkem bodů
Celkový počet nahraných bodů na tomto kvízu bez doplňovacích otázek.
8.
Pořadí na kvízu
Konečné umístění týmu na tomto kvízu.
Zaznamenané odpovědi
| # | Otázka | Odpověď | Body | Výsledky |
|---|---|---|---|---|
| 1. | V maratonu sněmovních debat o... | Karel Havlíček | 0 | |
| 2. | Šéf slovenského parlamentu má... | Boris Kollár, hnutí Jsme rodina | 1 | |
| 3. | Jistý populární komediální ser... | Mr. Bean | 0 | |
| 4. | Jeden rakouský řetězec se spo... | Hervis | 0 | |
| 5. | Jedna česká úspěšná sportovkyn... | Kateřina Neumannová | 0 | |
| 6. | Začneme v Africe. Konžské král... | Zair | 0 | |
| 7. | Kambodžské království je konst... | Kampučia | 0 | |
| 8. | Thajsko je jedinou zemí jihový... | Siam, Město Andělů | 0 | |
| 9. | Zřejmě víte, že na území dnešn... | Robinson Crusoe | 0 | |
| 10. | Vzpomenete si na jednoslovný n... | Jugoslávie | 0 |